000
00218nam a22000857a 4500
008
170603b xxu||||| |||| 00| 0 eng d
100
_9
3254
_a
Fusion Books
245
_a
Children Jokes
260
_a
New Delhi
_b
Fusion Books
_c
2003
999
_c
6568
_d
6568